000 00394nam a2200145Ia 4500
008 220217s9999||||xx |||||||||||||| ||und||
020 _a81-7596-073-6
082 _a423 CRY
100 _aCrystal, David
_92821
245 0 _aCambridge paper back encyclopidia
250 _a3rd
260 _aCambridge university press
_bNew Delhi
_c2002
300 _b350
650 _aENCYCLOPEDEA
_92213
999 _c170080
_d170080